After nature : (Record no. 8418)

MARC details
000 -LEADER
fixed length control field 00635nam a22001577a 4500
008 - FIXED-LENGTH DATA ELEMENTS--GENERAL INFORMATION
fixed length control field 200109b ||||| |||| 00| 0 eng d
020 ## - INTERNATIONAL STANDARD BOOK NUMBER
International Standard Book Number 9780521426800
082 ## - DEWEY DECIMAL CLASSIFICATION NUMBER
Classification number 306.8 STR
100 ## - MAIN ENTRY--PERSONAL NAME
Personal name Strathern, Marilyn.
245 ## - TITLE STATEMENT
Title After nature :
Remainder of title English kinship in the late twentieth century
260 ## - PUBLICATION, DISTRIBUTION, ETC.
Place of publication, distribution, etc. Cambridge ; New York :
Name of publisher, distributor, etc. Cambridge University Press,
Date of publication, distribution, etc. 1992.
300 ## - PHYSICAL DESCRIPTION
Extent xviii, 240 p. :
Other physical details ill. ;
Dimensions 24 cm.
500 ## - GENERAL NOTE
General note Includes bibliographical references (p. 218-227) and index.
650 ## - SUBJECT ADDED ENTRY--TOPICAL TERM
Topical term or geographic name entry element Kinship--England. Kinship--Cross-cultural studies. Ethnology--Philosophy. England--Social conditions--20th century.
942 ## - Added entry Elements (Koha)
Source of classification or shelving scheme Dewey Decimal Classification
Holdings
Withdrawn status Lost status Source of classification or shelving scheme Damaged status Not for loan Collection code Home library Current library Shelving location Date acquired Serial Enumeration / chronology Total Checkouts Full call number Barcode Date last seen Price effective from Koha item type
    Dewey Decimal Classification     Main TEST RTC Library RTC Library Main opac 09/01/2020 14440   306.8 STR 30014667 09/01/2020 09/01/2020 Main
Royal Thimphu College || All Right Reserved